|
|
|
|
| LEADER |
00000cam a2200000 7i4500 |
| 001 |
0000003577 |
| 005 |
20070809.0 |
| 020 |
0 |
0 |
|a 0471308226
|
| 090 |
0 |
0 |
|a 577.3
|b BAR
|
| 100 |
1 |
0 |
|a Barnes, Burton V.
|
| 245 |
1 |
0 |
|a Forest ecology
|c Burton V. Barnes ... [et al.].
|
| 250 |
0 |
0 |
|a 4th ed.
|
| 260 |
0 |
0 |
|a New York :
|b Wiley ,
|c c1998.
|
| 300 |
|
|
|a xviii, 774 p. :
|b ill., maps ;
|c 26 cm.
|
| 500 |
0 |
0 |
|a Rev. ed. of: Forest ecology / Stephen H. Spurr, Burton V. Barnes. 3rd ed. c1980.
|
| 504 |
0 |
0 |
|a Includes bibliographical references (p. 679-752) and index.
|
| 650 |
0 |
0 |
|a Forest ecology.
|
| 700 |
1 |
1 |
|a Denton, Shirley R.
|
| 700 |
1 |
1 |
|a Spurr, Stephen Hopkins
|
| 700 |
1 |
1 |
|a Zak, Donald R.
|
| 999 |
|
|
|a 0000006988
|b Monograph
|c Open Shelf
|e Default branch
|